Islam Mein Insaani Haqoq (Record no. 325493)

000 -LEADER
fixed length control field 00341 a2200133 4500
001 - CONTROL NUMBER
control field 90420
082 ## - DEWEY DECIMAL CLASSIFICATION NUMBER
Classification number 292.272 TAH
090 ## - LOCALLY ASSIGNED LC-TYPE CALL NUMBER (OCLC); LOCAL CALL NUMBER (RLIN)
-- 42740
-- 42740
100 ## - MAIN ENTRY--PERSONAL NAME
Personal name Tahir Ul Qadri Dr
245 ## - TITLE STATEMENT
Title Islam Mein Insaani Haqoq
Remainder of title Human Rights in Islam
Medium Urdu
260 ## - PUBLICATION, DISTRIBUTION, ETC.
Place of publication, distribution, etc. Lahore
Name of publisher, distributor, etc. Minhaj Ul Quran
Date of publication, distribution, etc. 2012
300 ## - PHYSICAL DESCRIPTION
Extent 720p.
500 ## - GENERAL NOTE
General note General Books
942 ## - ADDED ENTRY ELEMENTS (KOHA)
Institution code [OBSOLETE] CAE NUST
Call number prefix 292.272 TAH
Holdings
Withdrawn status Lost status Damaged status Not for loan Collection code Permanent Location Current Location Date acquired Total Checkouts Full call number Barcode Date last seen Price effective from Koha item type
          College of Aeronautical Engineering (CAE) College of Aeronautical Engineering (CAE) 04/03/2017   292.272 TAH CAE86148 04/05/2017 04/05/2017 Book
© 2023 Central Library, National University of Sciences and Technology. All Rights Reserved.